[Event "37th Belgrade Trophy 2024"]
[Site "Belgrade"]
[Date "2024.11.29"]
[Round "7.4"]
[White "Popovic, Dragan B"]
[Black "Petrovic, Aleksa"]
[Result "0-1"]
[WhiteElo "2185"]
[BlackElo "2262"]
[Annotator "RC"]
[PlyCount "68"]
[EventDate "2024.11.23"]
[EventCountry "SRB"]
[SourceTitle "playchess.com"]
[Source "ChessBase"]
[SourceQuality "1"]
[TimeControl "40/5400+30:900+30"]

1. g3 {[%emt 0:00:30]} d5 {[%emt 0:17:18]} 2. Nf3 {[%emt 0:00:24]} c6 {[%emt 0:01:27]} 3. Bg2 {[%emt 0:00:08]} Bf5 {[%emt 0:00:29]} 4. O-O {[%emt 0:00:37]} e6 {[%emt 0:00:21]} 5. c4 {[%emt 0:01:23]} dxc4 {[%emt 0:02:55]} 6. a4 {[%emt 0:00:36]} Nf6 {[%emt 0:00:44]} 7. Na3 {[%emt 0:00:24]} Bxa3 {[%emt 0:01:14]} 8. Rxa3 {[%emt 0:00:19]} O-O {[%emt 0:01:42]} 9. b3 {[%emt 0:00:39]} cxb3 {[%emt 0:00:50]} 10. d3 {[%emt 0:00:23]} Nbd7 {[%emt 0:02:52]} 11. Qxb3 {[%emt 0:07:35]} Qc7 {[%emt 0:04:32]} 12. Bb2 {[%emt 0:08:46]} e5 {[%emt 0:05:50]} 13. Rc1 {[%emt 0:01:48]} Rfe8 {[%emt 0:11:25]} 14. a5 {[%emt 0:03:13]} a6 {[%emt 0:02:45]} 15. Ra4 {[%emt 0:04:14]} e4 {[%emt 0:05:53]} 16. Ng5 {[%emt 0:05:40]} Bg6 {[%emt 0:07:42]} 17. Nxe4 {[%emt 0:08:56]} Nxe4 {[%emt 0:00:49]} 18. dxe4 {[%emt 0:00:16]} Rab8 {[%emt 0:02:03]} 19. f4 {[%emt 0:17:27]} b5 {[%emt 0:09:06]} 20. axb6 {[%emt 0:02:04]} Rxb6 {[%emt 0:00:37]} 21. Qc3 {[%emt 0:01:59]} f6 {[%emt 0:00:29]} 22. Ba3 {[%emt 0:00:14]} Bf7 {[%emt 0:04:13]} 23. Kf1 {[%emt 0:14:49]} c5 {[%emt 0:01:12]} 24. Ra5 {[%emt 0:07:05]} c4 {[%emt 0:02:31]} 25. Qd2 {[%emt 0:03:16]} Be6 {[%emt 0:06:38]} 26. Bf3 {[%emt 0:04:49]} Rc8 {[%emt 0:01:32]} 27. Bb4 {[%emt 0:03:22]} Qb8 {[%emt 0:00:59]} 28. Ba3 {[%emt 0:01:16]} Qc7 {[%emt 0:01:18]} 29. Bb4 {[%emt 0:00:44]} Rcb8 {[%emt 0:00:13]} 30. Ba3 {[%emt 0:00:45]} Rb1 {[%emt 0:03:02]} 31. Rxa6 {[%emt 0:01:06]} c3 {[%emt 0:00:40]} 32. Qc2 {[%emt 0:01:05]} Rxc1+ {[%emt 0:01:06]} 33. Bxc1 {[%emt 0:00:02]} Bb3 {[%emt 0:00:42]} 34. Qd3 {[%emt 0:00:49]} Nc5 {[%emt 0:00:18]} 0-1

[Event "37th Belgrade Trophy 2024"]
[Site "Belgrade"]
[Date "2024.11.29"]
[Round "7.6"]
[White "Atalik, Suat"]
[Black "Leftheriotis, Alexandros"]
[Result "1-0"]
[WhiteElo "2420"]
[BlackElo "2165"]
[Annotator "TA"]
[PlyCount "47"]
[EventDate "2024.11.23"]
[EventCountry "SRB"]
[SourceTitle "playchess.com"]
[Source "ChessBase"]
[SourceQuality "1"]
[TimeControl "40/5400+30:900+30"]

{[%evp 17,47,33,39,34,36,29,78,86,73,91,99,84,331,325,320,326,384,393,523,522,521,519,689,674,693,693,686,664,683,673,642,616]} 1. d4 {[%emt 0:00:04]} Nf6 {[%emt 0:00:21]} 2. c4 {[%emt 0:00:19]} g6 {[%emt 0:00:32]} 3. Nc3 {[%emt 0:00:28]} Bg7 {[%emt 0:00:15]} 4. e4 {[%emt 0:00:24]} d6 {[%emt 0:00:32]} 5. Be2 {[%emt 0:00:25]} O-O {[%emt 0:00:31]} 6. Nf3 {[%emt 0:00:34]} e5 {[%emt 0:00:46]} 7. O-O {[%emt 0:00:37]} exd4 {[%emt 0:01:35]} 8. Nxd4 {[%emt 0:02:43]} Re8 {[%emt 0:00:17]} 9. f3 {[%emt 0:00:49]} c6 {[%emt 0:00:52]} 10. Bg5 {[%emt 0:01:43]} Qb6 {[%emt 0:01:43][%cal Of6e4]} 11. Kh1 {[%emt 0:00:22]} Qxb2 {[%emt 0:08:16]} (11... d5 $11) 12. Na4 $1 $16 {[%emt 0:01:28]} Qb4 {[%emt 0:03:11]} 13. Bd2 $1 {[%emt 0:00:59][%cal Bg5d2,Bd2c1,Bc1b2][%mdl 32]} Qa3 {[%emt 0:00:06]} 14. Rb1 $1 {[%emt 0:00:39] Bc1 is the strong threat.} Na6 $2 {[%emt 0:05:49] [#]} (14... Qxa2 $2 {too greedy.} 15. Ra1 $18) (14... d5 $16 {is a better defense.}) 15. Bc1 $1 $18 {[%emt 0:00:52]} Qxa2 {[%emt 0:00:24] [#]} 16. Bb2 $1 {[%emt 0:00:19]} Nc5 {[%emt 0:06:54][%cal Ba6c5,Bc5a4,Ba4b2][%mdl 32]} 17. Ra1 {[%emt 0:01:31][%cal Bb1a1,Ba1a2,Ba2b2][%mdl 32]} Nxa4 {[%emt 0:02:57]} 18. Rxa2 {[%emt 0:00:12]} Nxb2 {[%emt 0:00:06]} 19. Rxb2 {[%emt 0:01:24]} Nxe4 {[%emt 0:01:12]} 20. fxe4 {[%emt 0:00:38]} c5 {[%emt 0:00:05] [#]} 21. Nb5 $1 {[%emt 0:08:11]} Bxb2 {[%emt 0:00:07]} 22. Nc7 {[%emt 0:00:03]} Be6 {[%emt 0:00:22]} 23. Nxa8 {[%emt 0:00:07]} Rxa8 {[%emt 0:00:05]} 24. Qb3 {[%emt 0:00:07]} 1-0

[Event "37th Belgrade Trophy 2024"]
[Site "Belgrade"]
[Date "2024.11.29"]
[Round "7.7"]
[White "Jandric, Damjan"]
[Black "Slobodiansky, Steven"]
[Result "1/2-1/2"]
[WhiteElo "2110"]
[BlackElo "2273"]
[Annotator "RC"]
[PlyCount "76"]
[EventDate "2024.11.23"]
[EventCountry "SRB"]
[SourceTitle "playchess.com"]
[Source "ChessBase"]
[SourceQuality "1"]
[TimeControl "40/5400+30:900+30"]

1. e4 {[%emt 0:00:05]} e6 {[%emt 0:00:07]} 2. d4 {[%emt 0:00:07]} d5 {[%emt 0:00:05]} 3. e5 {[%emt 0:00:05]} c5 {[%emt 0:00:14]} 4. c3 {[%emt 0:00:07]} Nc6 {[%emt 0:00:08]} 5. Nf3 {[%emt 0:00:07]} Qb6 {[%emt 0:00:10]} 6. a3 {[%emt 0:00:19]} Nh6 {[%emt 0:01:21]} 7. Bd3 {[%emt 0:04:17]} cxd4 {[%emt 0:00:47]} 8. cxd4 {[%emt 0:00:31]} Nf5 {[%emt 0:00:36]} 9. Bxf5 {[%emt 0:00:49]} exf5 {[%emt 0:00:06]} 10. O-O {[%emt 0:00:15]} Be7 {[%emt 0:00:19]} 11. Nc3 {[%emt 0:00:10]} Be6 {[%emt 0:00:09]} 12. b4 {[%emt 0:03:59]} O-O {[%emt 0:01:32]} 13. Be3 {[%emt 0:02:32]} Rfc8 {[%emt 0:03:39]} 14. Na4 {[%emt 0:02:19]} Qd8 {[%emt 0:00:51]} 15. Ne1 {[%emt 0:00:25]} Rc7 {[%emt 0:15:53]} 16. Nd3 {[%emt 0:01:16]} Rac8 {[%emt 0:00:24]} 17. g3 {[%emt 0:15:25]} Nb8 {[%emt 0:05:55]} 18. Nac5 {[%emt 0:10:13]} b6 {[%emt 0:03:19]} 19. Nxe6 {[%emt 0:07:08]} fxe6 {[%emt 0:00:04]} 20. g4 {[%emt 0:00:56]} Qf8 {[%emt 0:01:06]} 21. Qf3 {[%emt 0:01:25]} Rc3 {[%emt 0:01:57]} 22. Rfd1 {[%emt 0:01:06]} g5 {[%emt 0:12:27]} 23. gxf5 {[%emt 0:03:34]} Qxf5 {[%emt 0:00:12]} 24. Qxf5 {[%emt 0:00:10]} exf5 {[%emt 0:00:03]} 25. Rdc1 {[%emt 0:08:06]} R8c4 {[%emt 0:03:01]} 26. Ne1 {[%emt 0:30:44]} Nc6 {[%emt 0:13:12]} 27. Rxc3 {[%emt 0:00:06]} Rxc3 {[%emt 0:00:02]} 28. b5 {[%emt 0:00:06]} Na5 {[%emt 0:01:52]} 29. Rc1 {[%emt 0:02:16]} Rc4 {[%emt 0:01:24]} 30. Rxc4 {[%emt 0:01:33]} Nxc4 {[%emt 0:00:09]} 31. Nc2 {[%emt 0:00:11]} Kf7 {[%emt 0:07:53]} 32. Bc1 {[%emt 0:00:23]} Kg6 {[%emt 0:03:54]} 33. f3 {[%emt 0:02:14]} g4 {[%emt 0:01:28]} 34. Nb4 {[%emt 0:00:45]} Bxb4 {[%emt 0:03:28]} 35. axb4 {[%emt 0:00:01]} h5 {[%emt 0:00:19]} 36. Kf2 {[%emt 0:00:29]} h4 {[%emt 0:02:26]} 37. Kg2 {[%emt 0:00:27]} Kh5 {[%emt 0:01:17]} 38. Kf2 {[%emt 0:00:26]} Kg6 {[%emt 0:00:26]} 1/2-1/2

[Event "37th Belgrade Trophy 2024"]
[Site "Belgrade"]
[Date "2024.11.29"]
[Round "7.8"]
[White "Veleski, Robert"]
[Black "Javadov, Habil"]
[Result "1/2-1/2"]
[WhiteElo "2093"]
[BlackElo "2190"]
[Annotator "RC"]
[PlyCount "44"]
[EventDate "2024.11.23"]
[EventCountry "SRB"]
[SourceTitle "playchess.com"]
[Source "ChessBase"]
[SourceQuality "1"]
[TimeControl "40/5400+30:900+30"]

1. d4 {[%emt 0:05:46]} e6 {[%emt 0:00:31]} 2. Nf3 {[%emt 0:00:45]} d5 {[%emt 0:00:08]} 3. c4 {[%emt 0:00:27]} Nf6 {[%emt 0:00:06]} 4. g3 {[%emt 0:00:39]} Be7 {[%emt 0:00:05]} 5. Bg2 {[%emt 0:00:27]} O-O {[%emt 0:03:15]} 6. O-O {[%emt 0:00:28]} c6 {[%emt 0:00:08]} 7. Nc3 {[%emt 0:00:40]} b6 {[%emt 0:03:42]} 8. Ne5 {[%emt 0:01:23]} Ba6 {[%emt 0:02:17]} 9. cxd5 {[%emt 0:02:25]} cxd5 {[%emt 0:01:40]} 10. Bf4 {[%emt 0:01:48]} Nfd7 {[%emt 0:06:49]} 11. Rc1 {[%emt 0:05:20]} Nxe5 {[%emt 0:05:20]} 12. Bxe5 {[%emt 0:02:30]} Nd7 {[%emt 0:04:44]} 13. Qa4 {[%emt 0:02:59]} Bb7 {[%emt 0:08:04]} 14. Bc7 {[%emt 0:11:34]} Qe8 {[%emt 0:01:02]} 15. Nb5 {[%emt 0:09:18]} Nf6 {[%emt 0:02:53]} 16. Qb3 {[%emt 0:00:51]} Bc6 {[%emt 0:06:24]} 17. a4 {[%emt 0:04:03]} Qd7 {[%emt 0:00:56]} 18. Bf4 {[%emt 0:01:17]} Rac8 {[%emt 0:06:58]} 19. Nc3 {[%emt 0:05:11]} Nh5 {[%emt 0:02:24]} 20. Bd2 {[%emt 0:01:46]} Nf6 {[%emt 0:03:02]} 21. Rc2 {[%emt 0:41:23]} Nh5 {[%emt 0:40:32]} 22. Bf4 f6 1/2-1/2

[Event "37th Belgrade Trophy 2024"]
[Site "Belgrade"]
[Date "2024.11.29"]
[Round "7.9"]
[White "Baghdasaryan, Davit"]
[Black "Khaleev, Timofey D"]
[Result "1-0"]
[WhiteElo "2121"]
[BlackElo "1743"]
[Annotator "RC"]
[PlyCount "151"]
[EventDate "2024.11.23"]
[EventCountry "SRB"]
[SourceTitle "playchess.com"]
[Source "ChessBase"]
[SourceQuality "1"]
[TimeControl "40/5400+30:900+30"]

1. e4 {[%emt 0:00:02]} c5 {[%emt 0:00:03]} 2. Nf3 {[%emt 0:00:29]} g6 {[%emt 0:00:04]} 3. d4 {[%emt 0:01:16]} cxd4 {[%emt 0:00:05]} 4. Qxd4 {[%emt 0:00:01]} Nf6 {[%emt 0:00:09]} 5. Nc3 {[%emt 0:00:05]} Nc6 {[%emt 0:00:47]} 6. Qa4 {[%emt 0:00:10]} d6 {[%emt 0:00:06]} 7. e5 {[%emt 0:00:52]} dxe5 {[%emt 0:00:05]} 8. Nxe5 {[%emt 0:00:07]} Bd7 {[%emt 0:01:19]} 9. Nxd7 {[%emt 0:00:20]} Qxd7 {[%emt 0:00:11]} 10. Be3 {[%emt 0:00:14]} Bg7 {[%emt 0:05:45]} 11. Rd1 {[%emt 0:00:07]} Qc8 {[%emt 0:02:31]} 12. Be2 {[%emt 0:00:20]} O-O {[%emt 0:00:27]} 13. O-O {[%emt 0:00:18]} Qf5 {[%emt 0:07:37]} 14. Bf3 {[%emt 0:30:40]} h5 {[%emt 0:13:30]} 15. Nd5 {[%emt 0:09:12]} Nxd5 {[%emt 0:06:11]} 16. Rxd5 {[%emt 0:01:35]} Ne5 {[%emt 0:04:11]} 17. Be4 {[%emt 0:00:53]} Qe6 {[%emt 0:02:11]} 18. Rb5 {[%emt 0:05:58]} Ng4 {[%emt 0:03:40]} 19. Bf4 {[%emt 0:11:27]} Rad8 {[%emt 0:06:31]} 20. c3 {[%emt 0:12:14]} b6 {[%emt 0:10:53]} 21. h3 {[%emt 0:01:51]} Nf6 {[%emt 0:01:50]} 22. Bf3 {[%emt 0:00:23]} Rd3 {[%emt 0:05:41]} 23. Re5 {[%emt 0:04:45]} Qc8 {[%emt 0:05:34]} 24. Be2 {[%emt 0:03:00]} Qd7 {[%emt 0:02:32]} 25. Qa6 {[%emt 0:03:48]} Rd5 {[%emt 0:01:06]} 26. Bb5 {[%emt 0:01:26]} Qc8 {[%emt 0:03:00]} 27. Qxc8 {[%emt 0:05:02]} Rxc8 {[%emt 0:00:07]} 28. c4 {[%emt 0:00:35]} Rxe5 {[%emt 0:00:13]} 29. Bxe5 {[%emt 0:00:01]} Rd8 {[%emt 0:02:11]} 30. b4 {[%emt 0:00:58]} Rd2 {[%emt 0:01:18]} 31. a4 {[%emt 0:02:26]} Ne4 {[%emt 0:03:37]} 32. Bxg7 {[%emt 0:00:42]} Kxg7 {[%emt 0:00:07]} 33. Re1 {[%emt 0:00:08]} Nxf2 {[%emt 0:00:19]} 34. Rxe7 {[%emt 0:00:13]} Nd3 {[%emt 0:01:01]} 35. Rd7 {[%emt 0:00:53]} Rd1+ {[%emt 0:01:17]} 36. Kh2 {[%emt 0:00:03]} Nf2 {[%emt 0:01:30]} 37. Rxa7 {[%emt 0:01:13]} h4 {[%emt 0:01:23]} 38. g3 {[%emt 0:00:08]} Rd2 {[%emt 0:02:06]} 39. gxh4 {[%emt 0:00:39]} Nd3+ {[%emt 0:00:23]} 40. Kg3 {[%emt 0:01:39]} Nxb4 {[%emt 0:00:08]} 41. Be8 {[%emt 0:16:57]} Rd3+ {[%emt 0:16:33]} 42. Kg2 {[%emt 0:00:14]} Rd6 {[%emt 0:01:10]} 43. Bxf7 {[%emt 0:01:57]} Kf6 {[%emt 0:00:47]} 44. h5 {[%emt 0:00:00]} Rd2+ {[%emt 0:00:00]} 45. Kf1 {[%emt 0:00:00]} gxh5 {[%emt 0:00:00]} 46. Bxh5 {[%emt 0:00:00]} Kg5 {[%emt 0:00:00]} 47. Be2 {[%emt 0:00:00]} Ra2 {[%emt 0:00:00]} 48. Rb7 {[%emt 0:00:00]} Rxa4 {[%emt 0:00:00]} 49. Rxb6 {[%emt 0:00:00]} Nc2 {[%emt 0:00:00]} 50. c5 {[%emt 0:00:00]} Rf4+ {[%emt 0:00:00]} 51. Kg1 {[%emt 0:00:00]} Nd4 {[%emt 0:00:00]} 52. Bd1 {[%emt 0:00:51]} Rf5 {[%emt 0:00:00]} 53. Rb4 {[%emt 0:01:09]} Nc6 {[%emt 0:00:00]} 54. Rc4 {[%emt 0:00:31]} Rf4 {[%emt 0:00:00]} 55. Rxf4 {[%emt 0:01:28]} Kxf4 {[%emt 0:00:00]} 56. Kf2 {[%emt 0:00:20]} Nb4 {[%emt 0:00:00]} 57. Be2 {[%emt 0:00:33]} Ke4 {[%emt 0:00:00]} 58. h4 {[%emt 0:00:51]} Kf5 {[%emt 0:02:52]} 59. Ke3 {[%emt 0:01:21]} Nd5+ {[%emt 0:01:01]} 60. Kd4 {[%emt 0:01:18]} Nf4 {[%emt 0:01:41]} 61. Bc4 {[%emt 0:00:05]} Kg4 {[%emt 0:00:35]} 62. c6 {[%emt 0:01:56]} Ng6 {[%emt 0:00:27]} 63. c7 {[%emt 0:00:34]} Ne7 {[%emt 0:00:05]} 64. Ke5 {[%emt 0:00:39]} Kxh4 {[%emt 0:01:21]} 65. Kf6 {[%emt 0:00:32]} Nc8 {[%emt 0:00:24]} 66. Ke6 {[%emt 0:00:25]} Kg5 {[%emt 0:01:42]} 67. Ba6 {[%emt 0:00:29]} Na7 {[%emt 0:00:19]} 68. Kd6 {[%emt 0:00:35]} Kf6 {[%emt 0:00:37]} 69. Bc4 {[%emt 0:00:22]} Kf5 {[%emt 0:04:11]} 70. Kc5 {[%emt 0:00:27]} Ke5 {[%emt 0:00:49]} 71. Kb6 {[%emt 0:00:39]} Nc8+ {[%emt 0:00:10]} 72. Kc6 {[%emt 0:00:11]} Nd6 {[%emt 0:01:24]} 73. Bb3 {[%emt 0:00:45]} Nc8 {[%emt 0:00:23]} 74. Bd1 {[%emt 0:00:33]} Kd4 {[%emt 0:01:16]} 75. Bg4 {[%emt 0:00:28]} Na7+ {[%emt 0:00:22]} 76. Kb6 {[%emt 0:00:05]} 1-0